「新」+「方角」がつく駅名 - Statistics

General Stats
  • This quiz has been taken 100 times
  • The average score is 11 of 33
Answer Stats
都道府県 駅名 % Correct
福岡県 西新
78%
神奈川県 北新横浜
66%
東京都 東新宿
66%
東京都 西新宿
64%
東京都 南新宿
59%
新潟県 東新潟
56%
東京都 西新宿五丁目
53%
大阪府 北新地
45%
石川県 新西金沢
45%
山形県 南新庄
40%
新潟県 東新津
38%
東京都 新宿西口
36%
東京都 西新井
36%
愛知県 東新町
34%
山口県 新南陽
33%
東京都 西新井大師西
32%
新潟県 北新井
29%
長野県 北新・松本大学前
27%
新潟県 西新発田
27%
兵庫県 西新町
27%
富山県 東新庄
27%
北海道 新函館北斗
25%
北海道 新道東
23%
愛知県 北新川
22%
兵庫県 新西脇
21%
山口県 東新川
21%
群馬県 東新川
21%
東京都 西武新宿
19%
富山県 東新湊
18%
福岡県 西鉄新宮
12%
高知県 東新木
12%
広島県 祇園新橋北
8%
岡山県 新西大寺町筋
8%
No matching quizzes found
Score Distribution
Percent of People with Each Score
Percentile by Number Answered
Your Score History
You have not taken this quiz